000 01393nam a2200289 a 4500
001 38240
003 BD-RjUL
005 20211209052745.0
008 151013s1992 bg ||||| |||| 00| 0 ben d
020 _a9840601199 (V-1)
_c: Tk. 296.00 (V-1)
035 _a(BD-RjUL)38345
040 _aBD-RjUL
_bben/eng
_cBD-RjUL
041 _aben/ara
082 _a297.1227
_bSHT 1992
100 1 _aশফী, মুফতী মুহাম্মদ
_9118235
245 1 0 _aতফসীরে মা'আরেফুল-কোরআন /
_cমূল: মুফতী মুহাম্মদ শফী ; অনুবাদ: মুহিউদ্দিন খান
250 _a৬ষ্ঠ সং.
260 _aঢাকা :
_bইসলামিক ফাউণ্ডেশন বাংলাদেশ,
_c১৯৯২.
300 _a খণ্ড ;
_c২৪ সেমি.
490 _aইফাবা প্রকাশনা ;
_v৬৮৫/৫ (V-1)
505 0 _aখণ্ড ১, [ সূরা ফাতিহা থেকে সূরা বাক্বারাহ পর্যন্ত ] --
650 _aকোরআন
_xব্যাখা
_9235831
650 _aQur'an
_xCommentaries
_9235832
700 _aখান, মুহিউদ্দিন, অনুবাদক
_9235837
830 _aইফাবা প্রকাশনা ;
_v৬৮৫/৫ (V-1)
_9235838
942 _2ddc
_cBK
999 _c38240
_d38240